4 à la suite - Le noir et blanc dans la nature - Statistiques

Statistiques générales
  • Ce quiz a été pris 109 fois
  • Le résultat moyen est 5 sur 12
Statistiques - réponses
Réponse % Correct
Le zèbre
97%
Le dalmatien
95%
Un panda
85%
La pie
78%
Le marbre
65%
Lemur catta ou maki catta (lémurien accepté)
60%
Le blaireau
47%
La bergeronnette (grise)
3%
Le demi-deuil
2%
La jusquiame
0%
Le colobe
0%
L’onyx
0%
Aucun quiz correspondant
Distribution des résultats
% des personnes avec chaque résultat
Percentile par nombre de réponses
Votre historique - résultats
Vous n’avez pas pris ce quiz